| 000 | 00325 a2200133 4500 | ||
|---|---|---|---|
| 082 | _a891.4391 | ||
| 090 |
_c7177 _d7177 |
||
| 100 | _aWasi Shah | ||
| 245 |
_aMujhay Sandal Kar Do _cWasi Shah |
||
| 260 |
_aLahore _bDua Publications _c2010 |
||
| 300 |
_a128 p. _c22 cm. |
||
| 650 | _a1. Urdu Literature | ||
| 942 |
_cBK _k891.4391 WAS |
||
| 999 |
_c10980 _d10980 |
||